| 000 | 008700000a22002170004500 | ||
|---|---|---|---|
| 001 | 024153 | ||
| 008 | 130804t xxu||||| |||| 00| 0 eng d | ||
| 082 | _a347.016 NAT | ||
| 090 |
_c24153 _d24153 |
||
| 110 |
_aNational Catholic Commission for Justice and Peace _944810 |
||
| 245 |
_aJustice and peace commission peace building training manual / _cNational Catholic Commission for Justice and Peace |
||
| 250 | _a1st ed. | ||
| 260 |
_aKampala : _c2007 _bNational Catholic Commission for Justice and Peace |
||
| 300 |
_a83 p.; _c30 cm. |
||
| 650 |
_aJustice - Peace - Uganda _927288 |
||
| 650 |
_aPeace and justice - Uganda _927290 |
||
| 650 |
_aCatholic commission - peace - Uganda _927289 |
||
| 650 |
_aJustice and peace commission peace building training manual _944811 |
||
| 710 |
_aNational Catholic Commission for Justice and Peace _944810 |
||
| 942 |
_cBOOK _2ddc |
||
| 999 |
_c24153 _d24153 |
||